=LDR 00000nam 2200000 4500 =001 000517 =005 20250710105546 =035 ##$$a 0010-0725000379 =007 ta =008 250710################a##########0#ind## =020 ##$$a 978-602-437-857-8 =082 ##$$a 398.209 598 =084 ##$$a 398.209 598 SUK t =100 #$$a Sukini =245 1#$$a Terdampar di Dunia Plastik /$c Sukini =250 ##$$a Cetakan Ketiga =260 ##$$a Jakarta :$b Badan Pengembangan dan Pembinaaan Bahasa,$c 2019 =300 ##$$a 28 hlm. : $b Ilus. ; $c 29,7 cm =650 #4$$a DONGENG-INDONESIA =650 #4$$a KESUSASTRAAN ANAK =990 ##$$a TBM02700270